[Event "Rottach Egern Seniors Cup 12th"]
[Site "Rottach Egern"]
[Date "2024.04.08"]
[Round "3"]
[White "Mattgey, Werner"]
[Black "Guggenberger, Guido"]
[Result "1-0"]
[WhiteElo "1810"]
[BlackElo "1922"]
[PlyCount "63"]
[EventDate "2024.04.06"]
[EventType "swiss"]
[EventRounds "9"]
[EventCountry "GER"]
[SourceTitle "CB16_2024"]
[SourceDate "2024.04.17"]
[SourceVersion "1"]
[SourceVersionDate "2024.04.17"]
[SourceQuality "1"]

1. e4 c6 2. d4 d5 3. exd5 cxd5 4. Bd3 Nc6 5. c3 Nf6 6. Bf4 Bg4 7. Qb3 Qd7 8. Nd2 e6 9. Ngf3 Bxf3 10. Nxf3 Bd6 11. Bxd6 Qxd6 12. Qxb7 Rb8 13. Qa6 0-0 14. b3 Rb6 15. Qa4 e5 16. Be2 Re8 17. dxe5 Nxe5 18. 0-0 Qe7 19. Nxe5 Qxe5 20. Bf3 Ne4 21. Rfe1 f5 22. Rac1 Rh6 23. g3 Re7 24. Bg2 Qf6 25. Qd4 Qxd4 26. cxd4 Kf7 27. f3 Nf6 28. Rxe7+ Kxe7 29. Rc7+ Nd7 30. Rxa7 Rc6 31. Bf1 Ke6 32. Rxd7 1-0

[Event "Rottach Egern Seniors Cup 11th"]
[Site "Rottach Egern"]
[Date "2023.04.17"]
[Round "3"]
[White "Schneider, Peter5555"]
[Black "Guggenberger, Guido"]
[Result "0-1"]
[WhiteElo "1690"]
[BlackElo "1950"]
[PlyCount "82"]
[EventDate "2023.04.15"]
[EventType "swiss"]
[EventRounds "9"]
[EventCountry "GER"]
[SourceTitle "EXT 2024"]
[Source "ChessBase"]
[SourceDate "2023.10.10"]
[SourceVersion "1"]
[SourceVersionDate "2023.10.10"]
[SourceQuality "1"]

1. e4 c6 2. d4 d5 3. exd5 cxd5 4. c4 Nf6 5. Nc3 g6 6. Nf3 Bg7 7. cxd5 Nxd5 8. Bc4 Nb6 9. Bb3 0-0 10. h3 N8d7 11. 0-0 Nf6 12. Re1 Nbd5 13. Nxd5 Nxd5 14. Bxd5 Qxd5 15. Rxe7 Be6 16. Bf4 Rfd8 17. Bc7 Rdc8 18. Be5 Bxe5 19. dxe5 Qb5 20. Qd2 Rd8 21. Qh6 Qxb2 22. Re1 Qb4 23. Rc7 Rac8 24. Rec1 Rxc7 25. Rxc7 Bxa2 26. Qg5 Re8 27. Qf6 a5 28. Kh2 b5 29. Ng5 Qf8 30. f4 a4 31. Qc6 Bc4 32. Ne4 Ra8 33. Nd6 a3 34. Nxc4 bxc4 35. Qxc4 a2 36. e6 a1Q 37. exf7+ Kg7 38. Qe6 Qf6 39. Qe4 Rd8 40. Qe3 Q6d6 41. Ra7 Qd4 0-1

[Event "Mittelfranken Landesliga Sued 2122"]
[Site "Mittelfranken"]
[Date "2022.03.20"]
[Round "4.8"]
[White "Guggenberger, Guido"]
[Black "Sann, Michael"]
[Result "0-1"]
[WhiteElo "1940"]
[BlackElo "2053"]
[PlyCount "108"]
[EventDate "2021.10.24"]
[EventType "team-tourn"]
[EventRounds "9"]
[EventCountry "GER"]
[SourceTitle "EXT 2024"]
[Source "ChessBase"]
[SourceDate "2023.10.10"]
[SourceVersion "1"]
[SourceVersionDate "2023.10.10"]
[SourceQuality "1"]
[WhiteTeam "Muenchen Tarrasch"]
[BlackTeam "Unterhaching"]
[WhiteTeamCountry "GER"]
[BlackTeamCountry "GER"]

1. d4 d5 2. c4 Nc6 3. Nf3 Bg4 4. Nc3 Bxf3 5. gxf3 e6 6. cxd5 exd5 7. Bf4 Bd6 8. Qd2 Nge7 9. 0-0-0 Bxf4 10. Qxf4 0-0 11. e4 Ng6 12. Qg3 dxe4 13. d5 Nce5 14. fxe4 Qd6 15. f4 Nxf4 16. Rg1 Qh6 17. Kb1 Rad8 18. Bb5 a6 19. Ba4 Rd6 20. Rgf1 Rf6 21. Bc2 Re8 22. Rde1 Nh5 23. Qh3 Rxf1 24. Rxf1 Qg6 25. Ne2 Qg4 26. Qe3 Nc4 27. Qd3 Qxe4 28. Qxe4 Nd2+ 29. Kc1 Nxe4 30. Bb3 Nhf6 31. Nd4 Nc5 32. Rd1 Nxb3+ 33. Nxb3 Rd8 34. Nc5 Rxd5 35. Nxb7 Rxd1+ 36. Kxd1 Nd7 37. Kd2 f5 38. Ke3 Kf7 39. Nd8+ Kf6 40. h4 Nb6 41. b3 Nd5+ 42. Kf3 Nc3 43. a4 Ne4 44. b4 Nc3 45. Nc6 Nxa4 46. Nb8 c5 47. Nxa6 c4 48. b5 c3 49. Nb4 g5 50. Nd5+ Ke5 51. b6 g4+ 52. Kg3 Nxb6 53. Nxc3 h5 54. Nb5 f4+ 0-1

[Event "Mittelfranken Landesliga Sued 2122"]
[Site "Mittelfranken"]
[Date "2021.11.14"]
[Round "2.7"]
[White "Krueger, Christian"]
[Black "Guggenberger, Guido"]
[Result "1/2-1/2"]
[WhiteElo "1764"]
[BlackElo "1940"]
[PlyCount "71"]
[EventDate "2021.10.24"]
[EventType "team-tourn"]
[EventRounds "9"]
[EventCountry "GER"]
[SourceTitle "EXT 2024"]
[Source "ChessBase"]
[SourceDate "2023.10.10"]
[SourceVersion "1"]
[SourceVersionDate "2023.10.10"]
[SourceQuality "1"]
[WhiteTeam "Groebenzell II"]
[BlackTeam "Muenchen Tarrasch"]
[WhiteTeamCountry "GER"]
[BlackTeamCountry "GER"]

1. e4 c6 2. d4 d5 3. Nc3 dxe4 4. Nxe4 Nf6 5. Nxf6+ exf6 6. Nf3 Bd6 7. Be3 0-0 8. Qd2 Re8 9. Be2 Nd7 10. 0-0 Nf8 11. Rfe1 Ng6 12. Rad1 Bg4 13. d5 c5 14. c4 f5 15. Qc2 Nh4 16. Nxh4 Bxe2 17. Rxe2 Qxh4 18. g3 Qe4 19. Rde1 Qxc2 20. Rxc2 f4 21. gxf4 Bxf4 22. Rce2 Bd6 23. Bg5 Kf8 24. Rxe8+ Rxe8 25. Rxe8+ Kxe8 26. h3 h6 27. Be3 Ke7 28. Kg2 Kf6 29. Kf3 Kf5 30. b3 g5 31. Bd2 h5 32. Bc3 g4+ 33. hxg4+ hxg4+ 34. Ke3 Bf4+ 35. Kd3 Bd6 36. Ke3 1/2-1/2

[Event "Wunsiedel op 12th"]
[Site "Wunsiedel"]
[Date "2018.05.17"]
[Round "1"]
[White "Juenk, Ellen"]
[Black "Guggenberger, Guido"]
[Result "0-1"]
[WhiteElo "1458"]
[BlackElo "1987"]
[PlyCount "62"]
[EventDate "2018.05.17"]
[EventType "swiss"]
[EventRounds "9"]
[EventCountry "GER"]
[SourceTitle "CBM 184 Extra"]
[Source "ChessBase"]
[SourceDate "2018.06.28"]
[SourceVersion "1"]
[SourceVersionDate "2018.06.28"]
[SourceQuality "1"]

1. e4 d5 2. exd5 Qxd5 3. Nc3 Qd8 4. d4 Nf6 5. Bc4 e6 6. Nge2 a6 7. a4 b6 8. Bf4 Bb7 9. 0-0 Be7 10. Re1 0-0 11. Ng3 Nc6 12. d5 Na5 13. Qe2 Nxc4 14. Qxc4 Nxd5 15. Nxd5 Qxd5 16. Qxd5 Bxd5 17. Bxc7 Rfc8 18. Bxb6 Rxc2 19. Bd4 Bb4 20. Re3 Rac8 21. h3 f6 22. Re2 e5 23. Bc3 Rxe2 24. Nxe2 Bf8 25. g4 Kf7 26. Kh2 Bc4 27. Ng3 g6 28. b4 Bd3 29. Ra3 e4 30. Kg2 a5 31. Rb3 Bc2 0-1

[Event "Regionalliga Sued-Ost 1718"]
[Site "Bayern"]
[Date "2018.04.15"]
[Round "9.6"]
[White "Stocker, Rupert"]
[Black "Guggenberger, Guido"]
[Result "0-1"]
[WhiteElo "2036"]
[BlackElo "1973"]
[PlyCount "64"]
[EventDate "2017.10.22"]
[EventType "team-tourn"]
[EventRounds "9"]
[EventCountry "GER"]
[SourceTitle "EXT 2022"]
[Source "ChessBase"]
[SourceDate "2021.10.06"]
[SourceVersion "1"]
[SourceVersionDate "2021.10.06"]
[SourceQuality "1"]
[WhiteTeam "Groebenzell II"]
[BlackTeam "Tegernsee TV"]
[WhiteTeamCountry "GER"]
[BlackTeamCountry "GER"]

1. c4 Nf6 2. g3 e6 3. Bg2 d5 4. Nf3 c5 5. cxd5 exd5 6. d4 Nc6 7. 0-0 Be7 8. b3 0-0 9. Bb2 Bg4 10. Ne5 Be6 11. Nxc6 bxc6 12. dxc5 Bxc5 13. Qc2 Qe7 14. Nd2 Rac8 15. Bxf6 gxf6 16. Nf3 Bb6 17. e4 Rfd8 18. Rad1 Rd6 19. exd5 cxd5 20. Qd2 Bg4 21. Rc1 Rdc6 22. Rxc6 Rxc6 23. Nd4 Rc8 24. Qf4 Be6 25. Re1 Qb4 26. Rxe6 fxe6 27. Bh3 Qe1+ 28. Kg2 Bxd4 29. Qxd4 Rc1 30. Bg4 Qf1+ 31. Kf3 Qh1+ 32. Ke3 Qe1+ 0-1

[Event "Bad Woerishofen op 34th"]
[Site "Bad Woerishofen"]
[Date "2018.03.02"]
[Round "8"]
[White "Riegler, Dieter"]
[Black "Guggenberger, Guido"]
[Result "1/2-1/2"]
[WhiteElo "1999"]
[BlackElo "2011"]
[PlyCount "35"]
[EventDate "2018.02.23"]
[EventType "swiss"]
[EventRounds "9"]
[EventCountry "GER"]
[SourceTitle "CBM 183 Extra"]
[Source "ChessBase"]
[SourceDate "2018.04.19"]
[SourceVersion "1"]
[SourceVersionDate "2018.04.19"]
[SourceQuality "1"]

1. d4 Nf6 2. c4 c5 3. d5 e5 4. Nc3 d6 5. e4 Be7 6. g3 Nbd7 7. Bh3 a6 8. a4 b6 9. Nge2 0-0 10. 0-0 Rb8 11. f3 Ne8 12. Kg2 Nc7 13. Be3 b5 14. b3 bxc4 15. bxc4 Nb6 16. Qd3 Bxh3+ 17. Kxh3 Rb7 18. Kg2 1/2-1/2

[Event "Zirndorf Cup"]
[Site "Zirndorf"]
[Date "2017.09.02"]
[Round "6"]
[White "Guggenberger, Guido"]
[Black "Pedersen, Martin Rosenkilde"]
[Result "1/2-1/2"]
[WhiteElo "1972"]
[BlackElo "2132"]
[PlyCount "51"]
[EventDate "2017.08.30"]
[EventType "swiss"]
[EventRounds "7"]
[EventCountry "GER"]
[SourceTitle "CBM 180 Extra"]
[Source "ChessBase"]
[SourceDate "2017.10.06"]
[SourceVersion "1"]
[SourceVersionDate "2017.10.06"]
[SourceQuality "1"]

1. d4 Nf6 2. c4 c5 3. d5 b5 4. cxb5 a6 5. bxa6 g6 6. Nc3 Bxa6 7. e4 Bxf1 8. Kxf1 d6 9. Nf3 Bg7 10. g3 0-0 11. Kg2 Nbd7 12. Nd2 Qa5 13. a4 Rfb8 14. Ra3 Ne8 15. Qc2 Nc7 16. Nc4 Qa6 17. b3 Ne5 18. Nxe5 Bxe5 19. Bd2 Qb7 20. Ne2 Ra6 21. Rb1 Rb6 22. Bc3 Bxc3 23. Nxc3 Rb4 24. Na2 Rb6 25. Nc3 Rb4 26. Na2 1/2-1/2

[Event "Rheinland Pfalz op 9th"]
[Site "Lambsheim"]
[Date "2017.06.16"]
[Round "4"]
[White "Guggenberger, Guido"]
[Black "Roos, Elias"]
[Result "0-1"]
[WhiteElo "1979"]
[BlackElo "1799"]
[PlyCount "38"]
[EventDate "2017.06.15"]
[EventType "swiss"]
[EventRounds "7"]
[EventCountry "GER"]
[SourceTitle "CBM 178 Extra"]
[Source "ChessBase"]
[SourceDate "2017.06.22"]
[SourceVersion "1"]
[SourceVersionDate "2017.06.22"]
[SourceQuality "1"]

1. d4 d5 2. c4 c6 3. cxd5 cxd5 4. Bf4 Nc6 5. Nc3 Nf6 6. e3 Bf5 7. Qb3 Na5 8. Bb5+ Bd7 9. Qa4 e6 10. Bxd7+ Nxd7 11. Nb5 Rc8 12. Nf3 Rc4 13. Qd1 Qb6 14. b3 Bb4+ 15. Kf1 Rc8 16. Qd3 a6 17. a3 Be7 18. b4 Nc4 19. Nc3 Nxa3 0-1

[Event "Regionalliga SO 1617"]
[Site "Bayern"]
[Date "2017.02.19"]
[Round "6.7"]
[White "Probst, Albert"]
[Black "Guggenberger, Guido"]
[Result "1/2-1/2"]
[WhiteElo "1900"]
[BlackElo "1935"]
[PlyCount "73"]
[EventDate "2016.10.16"]
[EventType "team-tourn"]
[EventRounds "9"]
[EventCountry "GER"]
[SourceTitle "EXT 2019"]
[Source "ChessBase"]
[SourceDate "2018.10.10"]
[SourceVersion "1"]
[SourceVersionDate "2018.10.10"]
[SourceQuality "1"]
[WhiteTeam "Bruckmuehl"]
[BlackTeam "Tegernsee"]
[WhiteTeamCountry "GER"]
[BlackTeamCountry "GER"]

1. f4 g6 2. Nf3 d5 3. e3 Bg7 4. Be2 Nc6 5. 0-0 Bg4 6. d4 Nf6 7. Ne5 Nxe5 8. fxe5 Bxe2 9. Qxe2 Ne4 10. Qb5+ Qd7 11. Qxd7+ Kxd7 12. Rxf7 Bh6 13. Nc3 Nxc3 14. bxc3 Raf8 15. Rxf8 Rxf8 16. Bd2 c5 17. Rb1 Kc6 18. Rf1 Rxf1+ 19. Kxf1 c4 20. Bc1 e6 21. Ke2 Bf8 22. Kf3 Be7 23. e4 Bd8 24. exd5+ Kxd5 25. g3 Be7 26. Kf4 h6 27. Kf3 Bf8 28. g4 b6 29. Kf4 Be7 30. Kf3 Bf8 31. h3 b5 32. Bd2 a6 33. Ke3 Be7 34. Kf3 Bf8 35. Ke3 Be7 36. Kf3 Bf8 37. Ke3 1/2-1/2

[Event "Regionalliga SO 1617"]
[Site "Bayern"]
[Date "2016.11.20"]
[Round "2.8"]
[White "Guggenberger, Guido"]
[Black "Schrader, Jan Erik"]
[Result "1-0"]
[WhiteElo "1935"]
[BlackElo "2053"]
[PlyCount "67"]
[EventDate "2016.10.16"]
[EventType "team-tourn"]
[EventRounds "9"]
[EventCountry "GER"]
[SourceTitle "EXT 2019"]
[Source "ChessBase"]
[SourceDate "2018.10.10"]
[SourceVersion "1"]
[SourceVersionDate "2018.10.10"]
[SourceQuality "1"]
[WhiteTeam "Tegernsee"]
[BlackTeam "Groebenzell II"]
[WhiteTeamCountry "GER"]
[BlackTeamCountry "GER"]

1. d4 Nf6 2. c4 c5 3. d5 e5 4. Nc3 d6 5. e4 Be7 6. h3 0-0 7. Nf3 a6 8. Bd3 Ne8 9. g4 Nd7 10. Be3 Rb8 11. Qe2 g6 12. 0-0-0 Ndf6 13. Rdg1 Kh8 14. Nd2 Ng8 15. h4 Ng7 16. Nf1 Bd7 17. a4 Qa5 18. Qd2 b5 19. axb5 axb5 20. Nxb5 Qa1+ 21. Kc2 Bxb5 22. cxb5 c4 23. Bxc4 Rfc8 24. Qb4 Nf6 25. Nd2 Qa8 26. Ra1 Qb7 27. Ra7 Rxc4+ 28. Nxc4 Qc8 29. Rxe7 Qxg4 30. Nxd6 Nxd5 31. Nxf7+ Kg8 32. Nh6+ Kf8 33. Rf7+ Ke8 34. Qf8# 1-0

[Event "Regionalliga SO 1516"]
[Site "Bayern"]
[Date "2016.04.10"]
[Round "9.5"]
[White "Guggenberger, Guido"]
[Black "Seitner, Ralf"]
[Result "1/2-1/2"]
[WhiteElo "1908"]
[BlackElo "2015"]
[PlyCount "62"]
[EventDate "2015.10.11"]
[EventType "team-tourn"]
[EventRounds "9"]
[EventCountry "GER"]
[SourceTitle "EXT 2018"]
[Source "ChessBase"]
[SourceDate "2017.10.13"]
[SourceVersion "1"]
[SourceVersionDate "2017.10.13"]
[SourceQuality "1"]
[WhiteTeam "Tegernsee"]
[BlackTeam "Ingolstadt"]
[WhiteTeamCountry "GER"]
[BlackTeamCountry "GER"]

1. d4 d5 2. c4 e6 3. g3 c6 4. Bg2 f5 5. b3 Nf6 6. Nf3 Bd6 7. 0-0 0-0 8. Ba3 Qe7 9. Bxd6 Qxd6 10. Nbd2 Bd7 11. e3 Be8 12. Ne5 Nbd7 13. f4 Bh5 14. Ndf3 Rfd8 15. Qd3 Bxf3 16. Bxf3 Ne4 17. c5 Nxe5 18. fxe5 Qe7 19. b4 b6 20. Rfb1 Rdb8 21. Bd1 a5 22. a3 axb4 23. axb4 bxc5 24. bxc5 Qg5 25. Rxb8+ Rxb8 26. Bb3 Nxg3 27. hxg3 Qxg3+ 28. Kh1 Qf3+ 29. Kg1 Qg3+ 30. Kh1 Qf3+ 31. Kg1 Qg3+ 1/2-1/2

[Event "Regionalliga SO 1516"]
[Site "Bayern"]
[Date "2015.10.11"]
[Round "1.6"]
[White "Guggenberger, Guido"]
[Black "Guenes, Erdogan"]
[Result "1-0"]
[WhiteElo "1908"]
[BlackElo "1970"]
[PlyCount "76"]
[EventDate "2015.10.11"]
[EventType "team-tourn"]
[EventRounds "9"]
[EventCountry "GER"]
[SourceTitle "EXT 2018"]
[Source "ChessBase"]
[SourceDate "2017.10.13"]
[SourceVersion "1"]
[SourceVersionDate "2017.10.13"]
[SourceQuality "1"]
[WhiteTeam "Tegernsee"]
[BlackTeam "Waldkraiburg"]
[WhiteTeamCountry "GER"]
[BlackTeamCountry "GER"]

1. d4 c5 2. d5 e5 3. e4 d6 4. c4 f5 5. Nc3 Nf6 6. Bd3 f4 7. Bd2 g5 8. g3 Bg7 9. Qe2 a6 10. h4 h6 11. hxg5 hxg5 12. Rxh8+ Bxh8 13. gxf4 gxf4 14. 0-0-0 Bg4 15. f3 Bh5 16. Nh3 Bf7 17. Nxf4 exf4 18. e5 dxe5 19. Qxe5+ Qe7 20. Qxf4 Nh5 21. Qh2 Kd8 22. Re1 Qf6 23. Be3 Nd7 24. Ne4 Qe5 25. f4 Qe7 26. Ng3 Bd4 27. Bd2 Qf6 28. Nxh5 Bxh5 29. Qxh5 Bxb2+ 30. Kc2 Kc7 31. Qg5 Qd4 32. Qg1 Qf6 33. Re6 Qh8 34. d6+ Kb8 35. Re7 Bd4 36. Qg2 Qd8 37. Bf5 Qb6 38. Rxd7 Qb2+ 1-0

[Event "Regionalliga SO 1415"]
[Site "Bayern"]
[Date "2015.03.15"]
[Round "8.5"]
[White "Guggenberger, Guido"]
[Black "Hartl, Aldo"]
[Result "1/2-1/2"]
[WhiteElo "1908"]
[BlackElo "2105"]
[PlyCount "77"]
[EventDate "2014.10.19"]
[EventType "team-tourn"]
[EventRounds "9"]
[EventCountry "GER"]
[SourceTitle "EXT 2018"]
[Source "ChessBase"]
[SourceDate "2017.10.13"]
[SourceVersion "1"]
[SourceVersionDate "2017.10.13"]
[SourceQuality "1"]
[WhiteTeam "Tegernsee"]
[BlackTeam "Trostberg"]
[WhiteTeamCountry "GER"]
[BlackTeamCountry "GER"]

1. d4 Nf6 2. c4 g6 3. Nc3 d5 4. cxd5 Nxd5 5. Bd2 Bg7 6. e4 Nxc3 7. Bxc3 0-0 8. Bc4 c5 9. d5 Bxc3+ 10. bxc3 Qa5 11. Qd2 b5 12. Bb3 c4 13. Bc2 e6 14. Ne2 Nd7 15. 0-0 exd5 16. exd5 Bb7 17. Rfd1 Rad8 18. a4 Nc5 19. axb5 Qxb5 20. Rdb1 Nb3 21. Bxb3 cxb3 22. Rxa7 Bxd5 23. Nd4 Qc5 24. Ra4 Rd6 25. Rb4 Rc8 26. Qb2 Qxc3 27. Qxc3 Rxc3 28. Nb5 Rdc6 29. Nxc3 Rxc3 30. Rd4 Be6 31. Kf1 h5 32. Ke2 Kg7 33. Kd2 Rc2+ 34. Ke3 Rc6 35. Rb4 Rc3+ 36. Kd4 Rc2 37. Ke3 Rc3+ 38. Kd4 Rc2 39. Ke3 1/2-1/2

[Event "Bad Woerishofen op 31st"]
[Site "Bad Woerishofen"]
[Date "2015.03.04"]
[Round "7"]
[White "Riegler, Dieter"]
[Black "Guggenberger, Guido"]
[Result "1/2-1/2"]
[WhiteElo "2083"]
[BlackElo "2002"]
[PlyCount "36"]
[EventDate "2015.02.27"]
[EventType "swiss"]
[EventRounds "9"]
[EventCountry "GER"]
[SourceTitle "CBM 165 Extra"]
[Source "ChessBase"]
[SourceDate "2015.04.21"]
[SourceVersion "1"]
[SourceVersionDate "2015.04.21"]
[SourceQuality "1"]

1. d4 d5 2. c4 e6 3. Nc3 c5 4. cxd5 exd5 5. Nf3 Nc6 6. g3 Nf6 7. Bg2 Be7 8. 0-0 0-0 9. dxc5 Bxc5 10. a3 Re8 11. b4 Bb6 12. Na4 Bc7 13. Bb2 Bg4 14. Nc5 Qc8 15. Rc1 Ne4 16. Qxd5 Nxc5 17. Qxc5 Rxe2 18. Qc3 Qf8 1/2-1/2

[Event "Regionalliga SO 1415"]
[Site "Bayern"]
[Date "2014.11.09"]
[Round "2.7"]
[White "Zepke, Armin"]
[Black "Guggenberger, Guido"]
[Result "1/2-1/2"]
[WhiteElo "2008"]
[BlackElo "1908"]
[PlyCount "155"]
[EventDate "2014.10.19"]
[EventType "team-tourn"]
[EventRounds "9"]
[EventCountry "GER"]
[SourceTitle "EXT 2018"]
[Source "ChessBase"]
[SourceDate "2017.10.13"]
[SourceVersion "1"]
[SourceVersionDate "2017.10.13"]
[SourceQuality "1"]
[WhiteTeam "Bayerwald Regen/Zwiesel"]
[BlackTeam "Tegernsee"]
[WhiteTeamCountry "GER"]
[BlackTeamCountry "GER"]

1. d4 d5 2. Bf4 Nf6 3. e3 c5 4. c3 Qb6 5. Qb3 Nc6 6. Nd2 c4 7. Qc2 Bg4 8. h3 Bh5 9. Ngf3 Bg6 10. Qc1 h6 11. Be2 e6 12. 0-0 Be7 13. b3 cxb3 14. axb3 0-0 15. Qb2 Rfc8 16. b4 Qd8 17. b5 Nb8 18. Ne5 Bh7 19. Ra2 a5 20. bxa6 Rxa6 21. Bxa6 bxa6 22. Rc1 Ne4 23. c4 f6 24. Nef3 a5 25. c5 Nc6 26. Rca1 e5 27. dxe5 Nxc5 28. Bg3 Nd3 29. Qb5 fxe5 30. Rxa5 Nxa5 31. Qxa5 Bf6 32. Qxd8+ Rxd8 33. Ra7 Bf5 34. Nb3 Rd7 35. Rxd7 Bxd7 36. Nfd2 Kf7 37. f3 Ke6 38. e4 d4 39. Nc4 Bb5 40. Nbd2 Bg5 41. Bf2 Nxf2 42. Kxf2 g6 43. g3 Bd8 44. f4 Bc7 45. Kf3 Kf6 46. Na3 Ba4 47. fxe5+ Bxe5 48. Nac4 Bd1+ 49. Kf2 Bb8 50. Ke1 Bc2 51. Kf2 Ke6 52. h4 Ba7 53. Kg2 Bc5 54. Kf2 Bb4 55. Kf3 Bd3 56. Kf2 Bxd2 57. Nxd2 Ke5 58. Kf3 h5 59. g4 hxg4+ 60. Kxg4 Bxe4 61. Kg5 d3 62. Kg4 Bd5 63. Kg5 Bf7 64. Kg4 Kd4 65. Kf4 Bd5 66. Nb1 Ba2 67. Nd2 Kc3 68. Ke3 Kc2 69. Nf3 Bd5 70. Ne1+ Kc3 71. Nxd3 Ba2 72. Nf4 Bb1 73. Ne6 Kc4 74. Nf8 Kd5 75. Kf4 Kd6 76. Kg5 Ke7 77. Nxg6+ Bxg6 78. Kxg6 1/2-1/2

[Event "Munich OIS op 33rd"]
[Site "Munich"]
[Date "2013.09.28"]
[Round "1"]
[White "Guggenberger, Guido"]
[Black "Bromberger, Stefan"]
[Result "0-1"]
[WhiteElo "2033"]
[BlackElo "2521"]
[PlyCount "60"]
[EventDate "2013.09.28"]
[EventType "swiss"]
[EventRounds "9"]
[EventCountry "GER"]
[SourceTitle "CBM 156 Extra"]
[Source "ChessBase"]
[SourceDate "2013.10.22"]
[SourceVersion "1"]
[SourceVersionDate "2013.10.22"]
[SourceQuality "1"]

1. d4 Nf6 2. c4 e6 3. Nc3 Bb4 4. e3 0-0 5. Nge2 d5 6. a3 Bd6 7. cxd5 exd5 8. g3 c6 9. Bg2 Nbd7 10. 0-0 Re8 11. f3 Bf8 12. Kh1 Nb6 13. e4 dxe4 14. fxe4 Bg4 15. Qd3 c5 16. d5 Nfd7 17. Be3 Ne5 18. Qc2 Nbc4 19. Bg1 Rc8 20. Nf4 g6 21. b3 Nd6 22. Nd3 Nxd3 23. Qxd3 Bg7 24. Rae1 Qa5 25. Nb1 f5 26. a4 fxe4 27. Bxe4 Bh3 28. Bxg6 Rxe1 29. Bxh7+ Kh8 30. g4 Bxf1 0-1